Statistics for Most Expensive Footballers Per Country: Africa Part 1

Click here to take the quiz!

General Stats

  • This quiz has been taken 165 times
  • The average score is 14 of 30

Answer Stats

CountrySeasonFromToPlayerTransfer Fee% Correct
Senegal2016/17SouthamptonLiverpoolSadio Mané € 41.200.000,00
94%
Egypt2013/14FC BaselChelseaMohamed Salah € 16.500.000,00
94%
Ivory Coast2010/11FC BarcelonaManchester CityYaya Touré € 30.000.000,00
92%
Ivory Coast2004/05MarseilleChelseaDidier Drogba € 38.500.000,00
91%
Ivory Coast2009/10ArsenalManchester CityKolo Touré € 18.700.000,00
88%
Ivory Coast2014/15Swansea CityManchester CityWilfried Bony € 32.300.000,00
70%
Ivory Coast2016/17VillarrealManchester UnitedEric Bailly € 38.000.000,00
65%
Egypt2015/16FC BaselArsenalMohamed Elneny € 12.500.000,00
62%
Algeria2016/17Sporting CPLeicester CityIslam Slimani € 30.000.000,00
62%
Nigeria2006/07FK LynChelseaJohn Obi Mikel € 20.000.000,00
55%
Nigeria2016/17CSKA MoscowLeicester CityAhmed Musa € 19.500.000,00
53%
Senegal2002/03RC LensLiverpoolEl-Hadji Diouf € 15.000.000,00
49%
Egypt2007/08Tottenham HotspurMiddlesbroughMido € 8.800.000,00
47%
Nigeria2016/17KRC GenkLeicester CityOnyinye Ndidi € 17.600.000,00
45%
Tunesia2015/16BordeauxSunderlandWahbi Khazri € 11.800.000,00
43%
Nigeria2016/17WatfordChangchun YataiOdion Ighalo € 23.300.000,00
42%
DR Congo2016/17Crystal PalaceEvertonYannick Bolasie € 28.900.000,00
42%
Algeria2014/15GranadaFC PortoYacine Brahimi € 6.500.000,00
39%
Tunesia2015/16AS MonacoValenciaAymen Abdennour € 22.000.000,00
33%
Nigeria2007/08MiddlesbroughEvertonYakubu Aiyegbeni € 16.500.000,00
31%
Senegal2015/16FenerbahceAl-AhliMoussa Sow € 16.000.000,00
28%
Senegal2015/16Lokomotiv MoscowEvertonOumar Niasse € 17.900.000,00
28%
DR Congo2015/16RSC AnderlechtNewcastle UnitedChancel Mbemba € 12.000.000,00
24%
Tunesia2015/16AtalantaLeicester CityYohan Benalouane € 7.000.000,00
24%
Algeria2013/14BolognaInternazionaleSaphir Taider € 7.500.000,00
22%
DR Congo2013/14RSC AnderlechtDynamo KyivDieumerci Mbokani € 11.000.000,00
19%
DR Congo2015/16WolverhamptonBournemouthBenik Afobe € 13.300.000,00
15%
Algeria2007/08FC SochauxMarseilleKarim Ziani € 8.000.000,00
13%
DR Congo2000/01Stade RennesAS MonacoShabhani Nonda € 20.000.000,00
9%
Tunesia2010/11ValenciennesBordeauxFahid Ben Khalfallah € 4.500.000,00
6%

Score Distribution

Percentile by Number Answered

Percent of People with Each Score

Your Score History

You have not taken this quiz